| 000 | 00381pab a2200157 454500 | ||
|---|---|---|---|
| 008 | 180718b2017 xxu||||| |||| 00| 0 eng d | ||
| 100 | _aSahoo, Basudeb | ||
| 245 | _aChanging international scenario and the poor in India | ||
| 260 | _c2017 | ||
| 300 | _ap.3-10. | ||
| 362 | _aJan-Mar | ||
| 650 | _aPoverty - India | ||
| 650 | _aPoverty | ||
| 773 | _aVision | ||
| 909 | _a114905 | ||
| 999 |
_c114899 _d114899 |
||